000 00691nam a22002177a 4500
003 UA-OsUOA
001 122274
007 ta
008 20170424b un ||||| |||| 00| 0 ukr d
100 _aБондаренко Ю.
090 _a81
_bБ81
942 _cSA
040 _aUA-OsUOA
_bukr
_cUA-OsUOA
_dUA-OsUOA
245 _aВиди навчальних матеріалів з української літератури, напрями і шляхи їх вивчення
300 _aС.15-21
955 _a0
041 _aukr
080 _a81
773 0 _w122273
650 7 _a8 Мовознавство. Художня література. Літературознавство
_2UDC
999 _c408212
_d408212